Educacin̤ para la Paz Conflictos y construccin̤ de cultura de paz desde las escuelas, las familias y las comunidades /

Detalles Bibliográficos
Autor principal: del Pozo Serrano, Francisco Još
Formato: eBook
Lenguaje:español
Publicado: Madrid: Dykinson, 2018
Materias:
Acceso en línea:Acceso restringido

MARC

LEADER 00000nam a22000007a 4500
005 20181230122313.0
007 cr|||| ||||
008 181230s2018 es |||||s|||| 00||0 spa d
020 |a 978-84-9148-853-8 
035 |a 22630 
040 |a vLex 
090 |c 8411  |d 8411 
100 1 |a del Pozo Serrano, Francisco Još 
245 1 0 |a Educacin̤ para la Paz  |h [Recurso electrn̤ico] :  |b Conflictos y construccin̤ de cultura de paz desde las escuelas, las familias y las comunidades /  |c Francisco Jos ̌del Pozo Serrano 
256 |a Servicio en ln̕ea 
260 |a Madrid:  |b Dykinson,  |c 2018 
300 |a 1 recurso electrn̤ico 
500 |a Nos preguntamos: ¿Cm̤o desarrollar procesos de investigacin̤ y de accin̤ en Educacin̤ para la paz? ¿Cm̤o comprender los conflictos que existen en los contextos educativos de escuelas, de familias y comunidades que dificultan la construccin̤ de paz? ¿Qu ̌procesos de Educacin̤ escolar y de Educacin̤ social para la paz, pueden generar cambios y transformaciones en las comunidades y en las sociedades? Este libro presenta para sus lectores algunas respuestas relevantes a estas preguntas. La obra alberga los fundamentos ter̤icos sobre los Estudios para la paz y de Educacin̤ para la paz, as ̕como los aspectos metodolg̤icos y cientf̕icos para la investigacin̤ escolar, familiar y social que busca la construccin̤ de una Cultura de paz, desde la comprensin̤ del fenm̤eno vinculado a las principales problemt̀icas asociadas en los territorios contextualizados, particularmente Colombia y Amřica Latina. Adems̀, la obra plantea desde la apropiacin̤ social del conocimiento, una serie de orientaciones desde la Investigacin̤ pedagg̤ica (curricular) y Sociopedagg̤ica (relacional), que permitirǹ el desarrollo de buenas prc̀ticas basados en la evidencia, la prx̀is y la construccin̤ de Cultura de paz por todos los actores corresponsables de la promocin̤ de ciudadana̕ y de convivencia en la sociedad. 
506 1 |a Disponible solo en los productos indicados  |d vLex Global  |d vLex Global (Academic Edition, excluding Law Schools)  |d vLex Global (U.S. Academic Edition, Law Schools)  |d vLex Global (U.S. Academic Edition, excluding Law Schools)  |d vLex Global (Academic Edition, Law Schools) 
650 0 4 |a Sociologa̕  |z Espaą 
740 0 |a vLex Libros (Servicio en ln̕ea) 
856 4 0 |u http://vlex.com/source/educacion-para-la-paz-conflictos-y-construccion-de-cultura-de-paz-desde-las-escuelas-las-familias-y-las-comunidades-22630  |z Acceso restringido 
942 |c BOOK 
999 0 |a Sociology